Statystyki dla Top 5 państw z najmniejszą powierzchnią w Oceanii

Kliknij tutaj aby rozwiązać quiz!

Ogólne statystyki

  • Ten quiz został rozwiązany 149 razy
  • Średni wynik to 4 z 5

Statystyki odpowiedzi

km2Państwo% Poprawnych
21Nauru
88%
508Palau
81%
26Tuvalu
80%
181Wyspy Marshalla
78%
702Mikronezja
71%

Rozkład punktacji

Percentyl według liczby udzielonych odpowiedzi

Procent ludzi z każdym wynikiem

Twoja historia wyników

Nie rozwiązałeś tego quizu